000 00741nam a2200265Ia 4500
008 140626s9999 xx 000 0 und d
100 _aDe Souza, Rebecca.
245 _aTheorizing the relationship between HIV/AIDS, biomedicine, and culture using an urban Indian setting as a case study /
_c Rebecca.De Souza
260 _cc2012.
300 _a22 : 2, page 163
440 _aCommunication Theory
521 _aMC
650 _aBiomedicine.
650 _aCommunication.
650 _aCulture.
650 _aDiscipline.
650 _aHealth care.
650 _aHealth.
650 _aHIV/AIDS.
650 _aIndia.
650 _aMedical information.
650 _aSelf-monitoring.
650 _aUrbanity.
942 _cSE
999 _c121254
_d121254